| 000 | 00782nam a2200229 i 4500 | ||
|---|---|---|---|
| 001 | 51142 | ||
| 003 | ES-MaACL | ||
| 007 | t| | ||
| 008 | 030811s1971 sp ||||1| spa d | ||
| 100 | 1 |
_aCharbonneaux, Jean. _938061 |
|
| 245 | 1 | 0 |
_aGrecia helenística _b: (330-50 a. de J.C.) / _cJean Charbonneaux, Roland Martin, Francois Villard ; traducción por José Antonio Miguez. |
| 250 | _a[1ª ed.]. | ||
| 260 |
_a[Madrid] : _bAguilar, _c[1971] |
||
| 300 |
_aX, 422 p., 36 lám. : _b1 map. ; _c28 cm. |
||
| 490 | 1 | _aEl universo de las formas | |
| 700 | 1 |
_aMartin, Roland. _977372 |
|
| 700 | 1 |
_aVillard, Francois. _9115108 |
|
| 700 | 1 |
_aMíguez, José Antonio. _981053 |
|
| 830 | 0 |
_aEl universo de las formas _9181490 |
|
| 852 |
_aES-MaACL _jE-6949 _bR.51282 |
||
| 999 |
_c51142 _d51142 |
||